Маркетинг и брендинг туристских дестинаций: учебное пособие

Detaylı Bibliyografya
Yazar: Кирьянова Л. Г. Лилия Геннадьевна
Müşterek Yazar: Национальный исследовательский Томский политехнический университет (ТПУ)
Özet:Заглавие с титульного экрана
Учебное пособие посвящено вопросам маркетинга и брендинга туристских дестинаций. Представлены современные модели и теории бренда, имиджа и позиционирования дестинации. Рассмотрено потребительское поведение туриста в процессе принятия решения о поездке, определены основные подходы и правила стратегического маркетингового планирования развития дестинации. Предназначено для магистрантов, обучающихся но направлениям 100400 «Туризм», а также всем, интересующимся вопросами продвижения территорий.
Режим доступа: из корпоративной сети ТПУ
Dil:Rusça
Baskı/Yayın Bilgisi: Томск, Изд-во ТПУ, 2011
Konular:
Online Erişim:http://www.lib.tpu.ru/fulltext2/m/2012/m111.pdf
Materyal Türü: MixedMaterials Elektronik Kitap
KOHA link:https://koha.lib.tpu.ru/cgi-bin/koha/opac-detail.pl?biblionumber=213854

MARC

LEADER 00000nlm0a2200000 4500
001 213854
005 20231101225839.0
035 |a (RuTPU)RU\TPU\book\233689 
090 |a 213854 
100 |a 20120418d2011 m y0rusy50 ca 
101 0 |a rus 
102 |a RU 
105 |a a j 001zy 
135 |a drnn ---uucaa 
181 0 |a i  
182 0 |a b 
200 1 |a Маркетинг и брендинг туристских дестинаций  |e учебное пособие  |b Электронный ресурс  |f Л. Г. Кирьянова  |g Национальный исследовательский Томский политехнический университет (ТПУ) 
203 |a Текст  |c электронный 
210 |a Томск  |c Изд-во ТПУ  |d 2011 
230 |a 1 компьютерный файл (pdf; 4.3 MB) 
300 |a Заглавие с титульного экрана 
330 |a Учебное пособие посвящено вопросам маркетинга и брендинга туристских дестинаций. Представлены современные модели и теории бренда, имиджа и позиционирования дестинации. Рассмотрено потребительское поведение туриста в процессе принятия решения о поездке, определены основные подходы и правила стратегического маркетингового планирования развития дестинации. Предназначено для магистрантов, обучающихся но направлениям 100400 «Туризм», а также всем, интересующимся вопросами продвижения территорий. 
333 |a Режим доступа: из корпоративной сети ТПУ 
337 |a Adobe Reader 
606 1 |a Туризм  |x Экономика  |2 stltpush  |3 (RuTPU)RU\TPU\subj\53770  |9 71935 
610 1 |a маркетинг 
610 1 |a брендинг 
610 1 |a дестинации 
610 1 |a туристский бизнес 
610 1 |a территориальный маркетинг 
610 1 |a туристы 
610 1 |a потребительское поведение 
610 1 |a сегментация 
610 1 |a бекпекеры 
610 1 |a бренды 
610 1 |a имидж 
610 1 |a позиционирование 
610 1 |a маркетинговые инструменты 
610 1 |a продвижение 
610 1 |a интернет-маркетинг 
610 1 |a PR-технологии 
610 1 |a реклама 
610 1 |a маркетинговая стратегия 
610 1 |a SWOT-анализ 
610 1 |a маркетинговый аудит 
610 1 |a стратегии 
610 1 |a Россия 
610 1 |a учебные пособия 
610 1 |a труды учёных ТПУ 
610 1 |a электронный ресурс 
686 |a У9(2)43я73  |v LBC/SL-A  |2 rubbk 
700 1 |a Кирьянова  |b Л. Г.  |c российский философ  |c доцент Томского политехнического университета, кандидат философских наук  |f 1982-  |g Лилия Геннадьевна  |2 stltpush  |3 (RuTPU)RU\TPU\pers\25768 
712 0 2 |a Национальный исследовательский Томский политехнический университет (ТПУ)  |c (2009- )  |2 stltpush  |3 (RuTPU)RU\TPU\col\15902 
801 1 |a RU  |b 63413507  |c 20101224 
801 2 |a RU  |b 63413507  |c 20131127  |g RCR 
856 4 |u http://www.lib.tpu.ru/fulltext2/m/2012/m111.pdf 
900 |a Маркетинг туризма 
942 |c CF